| 000 | 00587cam a22002291 4500 | ||
|---|---|---|---|
| 001 | sa 68000260 | ||
| 003 | DLC | ||
| 005 | 20260227112422.0 | ||
| 008 | 891010s1963 np 000 0 newo | ||
| 010 | _asa 68000260 | ||
| 035 | _a(OCoLC)20463635 | ||
| 040 |
_aDLC _cWaU _dDLC |
||
| 042 | _apremarc | ||
| 050 | 0 | 0 |
_aPL3801.N51 _bI84 |
| 100 | 0 |
_aIshwara Nanda, _d1928- |
|
| 245 | 1 | 0 |
_aDhukū pikū. _bThe Nepal bhasa-verbs. |
| 260 | _c[1963 or 4] | ||
| 300 |
_a5, 7, 209, 13 p. _c16 cm. |
||
| 500 | _aIn Newari. | ||
| 650 | 0 |
_aNewari language _xVerb. |
|
| 740 | 0 | _aNepal bhasa-verbs. | |
| 999 |
_c77074 _d77074 |
||